| 000 | 00597nam a2200205Ia 4500 | ||
|---|---|---|---|
| 003 | GCL | ||
| 008 | 140319s9999 xx 000 0 eng d | ||
| 040 |
_aGCL / _cGCL |
||
| 082 | 0 | 4 |
_a537.65 _bG E |
| 100 | 1 | _aGHEYSENS, RICHARD | |
| 245 | 1 | 0 |
_aENSEIGNEMENT DE L'ELECTROTHERMSE: RECUIEL D'ECERCICES ET DE PROJECTS ENONCES ET SOLUTIONS / _cGHEYSENS, RICHARD |
| 700 | 1 | _aGOSSE, JEAN | |
| 700 | 1 | _aPETITIDIDIER, PIERRE | |
| 260 |
_a[S.N] : _bDOPEE ، _c1988 |
||
| 300 | _a265 P | ||
| 650 | 0 | 4 | _aPHYSICS |
| 650 | 0 | 4 | _aTHERMOELECTRICTY - TEACHING |
| 650 | 0 | 4 | _aTHERMOAL ELCTRONS |
| 942 |
_2ddc _cBK |
||
| 999 |
_c16331 _d16331 |
||